000 005960000a22002530004500
650 _aDistance education
650 _aGuide
650 _aTeaching materials
650 _aLearning packages
650 _aLearning methods
650 _aCounselling
650 _aTraining toolkit
082 _a371.35
_bAs42L
_cUN
518 _a20021205
530 _aM
110 _aAsian Development Bank
245 _aLearner support in open and distance learning
020 _a1-895369-70-3
260 _aManila
_bADB, PH
260 _c1999
041 _aEng
300 _av.p
942 _cGEN
999 _c28732
_d28732